[Event "Padova op-B 3rd"]
[Site "Padova"]
[Date "2000.12.10"]
[Round "5.12"]
[White "De Napoli, Giuseppe"]
[Black "Roberti, Ignazio"]
[Result "1-0"]
[WhiteElo "1723"]
[BlackElo "1760"]
[PlyCount "105"]
[EventDate "2000.12.02"]
[EventType "swiss"]
[EventRounds "6"]
[EventCountry "ITA"]
[SourceTitle "EXT 2024"]
[Source "ChessBase"]
[SourceDate "2023.10.10"]
[SourceVersion "1"]
[SourceVersionDate "2023.10.10"]
[SourceQuality "1"]

1. d4 e6 2. Nf3 Nf6 3. e3 b6 4. Bd3 Bb7 5. Nbd2 Be7 6. 0-0 0-0 7. Qe2 d5 8. Ne5 Nbd7 9. f4 c5 10. c3 Ne4 11. Qh5 Ndf6 12. Qf3 Rc8 13. g4 Nxd2 14. Bxd2 Ne4 15. Qe2 f5 16. g5 Bd6 17. Bxe4 dxe4 18. h4 cxd4 19. exd4 Bxe5 20. fxe5 Qd5 21. Bf4 Ba6 22. Qxa6 b5 23. Qd6 Qc4 24. b3 Qe2 25. Qxe6+ Kh8 26. Qe7 Qg4+ 27. Kh1 Qxh4+ 28. Bh2 e3 29. Rf4 Qh3 30. g6 e2 31. Qh4 Qxh4 32. Rxh4 h6 33. Rc1 Rxc3 34. Re1 Rc2 35. Kg2 Rxa2 36. Kf2 Rb2 37. Rh3 Rd8 38. Rd3 a5 39. Rxe2 Rxe2+ 40. Kxe2 Kg8 41. e6 Kf8 42. Be5 Ke7 43. d5 a4 44. bxa4 bxa4 45. Bb2 h5 46. Kf3 h4 47. Kf4 h3 48. Ke5 Rh8 49. d6+ Kd8 50. Rc3 a3 51. e7+ Kd7 52. Rc7+ Ke8 53. Ke6 1-0

[Event "Padova op-B 3rd"]
[Site "Padova"]
[Date "2000.12.03"]
[Round "2.13"]
[White "De Napoli, Giuseppe"]
[Black "De Nard, Stefano"]
[Result "1-0"]
[WhiteElo "1723"]
[BlackElo "1518"]
[PlyCount "73"]
[EventDate "2000.12.02"]
[EventType "swiss"]
[EventRounds "6"]
[EventCountry "ITA"]
[SourceTitle "EXT 2024"]
[Source "ChessBase"]
[SourceDate "2023.10.10"]
[SourceVersion "1"]
[SourceVersionDate "2023.10.10"]
[SourceQuality "1"]

1. d4 Nf6 2. Nf3 g6 3. Bg5 Ne4 4. Bf4 Bg7 5. e3 d5 6. Bd3 0-0 7. Nbd2 Nxd2 8. Qxd2 b6 9. 0-0 Bb7 10. c3 Nd7 11. Qe2 Nf6 12. Ne5 Nh5 13. Rfe1 Nxf4 14. exf4 e6 15. Qg4 c5 16. h4 Bxe5 17. fxe5 h5 18. Qh3 Kg7 19. Re3 cxd4 20. cxd4 Qe7 21. a3 Rac8 22. Rae1 Rc7 23. Rf3 Rh8 24. Rf6 Rh6 25. Re3 Bc6 26. g4 Ba4 27. Ref3 Qe8 28. gxh5 Rxh5 29. Rg3 Rh6 30. Qg4 Bc2 31. Bxc2 Rxc2 32. h5 Qh8 33. Qg5 Qh7 34. Rff3 Rxh5 35. Qf6+ Kf8 36. Qd8+ Kg7 37. Rxf7+ 1-0

[Event "Padova op-B 2nd"]
[Site "Padova"]
[Date "1999.12.19"]
[Round "5.11"]
[White "Zotti, Enrico"]
[Black "De Napoli, Giuseppe"]
[Result "1/2-1/2"]
[WhiteElo "1839"]
[BlackElo "1678"]
[PlyCount "55"]
[EventDate "1999.12.11"]
[EventType "swiss"]
[EventRounds "6"]
[EventCountry "ITA"]
[SourceTitle "EXT 2024"]
[Source "ChessBase"]
[SourceDate "2023.10.10"]
[SourceVersion "1"]
[SourceVersionDate "2023.10.10"]
[SourceQuality "1"]

1. e4 d6 2. d4 g6 3. Nc3 Bg7 4. h3 Nf6 5. Nf3 0-0 6. Be3 e5 7. Qd2 Nc6 8. d5 Ne7 9. g3 a6 10. a4 Nd7 11. Bh6 f5 12. Bxg7 Kxg7 13. Be2 Nf6 14. exf5 Bxf5 15. Nh4 Qd7 16. Nxf5+ Qxf5 17. g4 Qf4 18. Qxf4 exf4 19. Rd1 g5 20. f3 Ng6 21. Kf2 Rfe8 22. Bd3 Ne5 23. Rhe1 Nxd3+ 24. Rxd3 Rxe1 25. Kxe1 Re8+ 26. Kf2 Re5 27. Rd4 h6 28. a5 1/2-1/2